UBT Library

Commonsense approach to coronary care : (Record no. 39195)

000 -LEADER
fixed length control field 00656pam a2200229 a 4500
001 - CONTROL NUMBER
control field 3313044
005 - DATE AND TIME OF LATEST TRANSACTION
control field 20171220035938.0
008 - FIXED-LENGTH DATA ELEMENTS--GENERAL INFORMATION
fixed length control field 840214s1985 moua bp 001 0 eng
010 ## - LIBRARY OF CONGRESS CONTROL NUMBER
LC control number 84002026
020 ## - INTERNATIONAL STANDARD BOOK NUMBER
International Standard Book Number 0801652499 (pbk.)
040 ## - CATALOGING SOURCE
Original cataloging agency DLC
Transcribing agency DLC
Modifying agency DLC
041 ## - LANGUAGE CODE
Language code of text/sound track or separate title eng
060 ## - NATIONAL LIBRARY OF MEDICINE CALL NUMBER
Classification number WG 100 V788c
080 ## - UNIVERSAL DECIMAL CLASSIFICATION NUMBER
Universal Decimal Classification number 616.1230024613 VIN
082 00 - DEWEY DECIMAL CLASSIFICATION NUMBER
Classification number 616.1230024613 VIN
Edition number 19
100 1# - Rafti
Rafti 7
101 ## - Shkurtesa
Shkurtesa KARD
245 10 - TITLE STATEMENT
Title Commonsense approach to coronary care :
Statement of responsibility, etc Marielle Ortiz Vinsant, Martha I. Spence.
504 ## - BIBLIOGRAPHY, ETC. NOTE
Bibliography, etc Includes bibliographies and index.
906 ## - LOCAL DATA ELEMENT F, LDF (RLIN)
a 7
b cbc
c orignew
d 1
e ocip
f 19
g y-gencatlg
942 ## - ADDED ENTRY ELEMENTS (KOHA)
Source of classification or shelving scheme
Item type Books
Holdings
Withdrawn status Lost status Source of classification or shelving scheme Damaged status Not for loan Collection code Permanent location Current location Shelving location Date acquired Total Checkouts Full call number Barcode Date last seen Price effective from Koha item type
          Koleksioni i përgjithshem UBT - Lipjan UBT - Lipjan Koleksioni i përgjithshem 12/20/2017   616.1230024613 VIN 002-2938948 12/20/2017 12/20/2017 Books
UBT Library © 2015-2024. All rights reserved University Education for Business and Technology